000 01357nam0a22003131 4500
001 v19\rc\1491535
005 20070704164511.1
035 _a(NLR Aleph) 005213991
090 _a5437925
_c5437925
100 _a20060620d1880 |||y0rusy50 ca
101 0 _arus
102 _aRU
105 _ay z |||||
200 1 _aС.М. Соловьев
_eЛекция, прочит. в С.-Петерб. ун-те 3 нояб. 1879 г.
_f[К. Бестужев-Рюмин]
210 _a[Санкт-Петербург]
_cтип. В.С. Балашева
_dценз. 1880
215 _a15 с.
_d22
300 _aАвт. указан в конце текста
309 _aБез тит. л. и обл.
532 1 0 _aСергей Михайлович Соловьев
700 1 _6z01790
_aБестужев-Рюмин
_bК. Н.
_f1829-1897
_gКонстантин Николаевич
_3RU\NLR\AUTH\772297
_7ca
702 1 _aСоловьев
_bС. М.
_cисторик
_f1820 - 1879
_gСергей Михайлович
_3RU\NLR\AUTH\775940
_4570
_7ca
790 1 _6z01700
_aРюмин
_bК. Н.
_f1829-1897
_gКонстантин Николаевич
801 0 _aRU
_bNLR
_c20060620
_gpsbo
801 0 _aRU
_bRuMoRGB
_c20060620
_2psbo
801 1 _aRU
_bProSoft-M
_c20060620
_2rusmarc
801 2 _aRU
_bNLR
_c20070704
_2rusmarc
852 _aNLR
_j18.275.1.362
942 _cBOOK
980 _aNB